From A-Z to Z-A Quiz Stats

 Plays Quiz Updated Aug 21, 2013

Support Sporcle.
Go Orange.
Score 0/26 Timer 05:00
0 Plays Today
Hint Word % Correct
AA, AAA, D, 9-Volt, e.g.battery
97%
Sketch with a pencildraw
96.6%
Former San Fran prison: The RockAlcatraz
95.5%
Steal someone's childrenkidnap
93.6%
Red + whitepink
92.1%
Striped horse relativeZebra
91.3%
A squished circleoval
91.1%
Stitch's Disney partnerLilo
90.4%
A borough of New York CityManhattan
90.2%
Harry Potter's weaponwand
89.1%
A German married womanFrau
79.1%
Often cheese-filled pasta stapleravioli
79%
Altitude (abbrev.)elev.
77.1%
Hint Word % Correct
A weakened disease preparation to inject for immunityvaccine
75.1%
Technical term for bad breathhalitosis
72.2%
Take the shackles off the perpuncuff
72.1%
Relating to a fear of foreignersxenophobic
70%
Tailbonecoccyx
69.7%
An organization for sailing and racing (2 words)yacht club
65.9%
A system of favoring relativesnepotism
63.2%
One who assumes a false identityimpostor
56.3%
Burn with firescorch
50.9%
The whole spectrum from A to Zgamut
47.2%
2002 Movie staring Denzel Washington (2 words)John Q
46.7%
A major language of the PhilippinesTagalog
43.5%
Hmong name for the Chinese instrument, the lushengqeej
9.5%

From the Vault

Mystery Phrase Blitz: Oscar 'Best Actors'

by kfastic

Movies 90s
It's a little bit trivia and a little bit hangman, all rolled up together.
Remove Ads.
Support Sporcle.
Get the best of Sporcle when you Go Orange. This ad-free experience offers more features, more stats, and more fun while also helping to support Sporcle. Thank you for becoming a member.

Show Comments

Extras

Top Quizzes Today


Score Distribution

Your Account Isn't Verified!

In order to create a playlist on Sporcle, you need to verify the email address you used during registration. Go to your Sporcle Settings to finish the process.

Report this User

Report this user for behavior that violates our Community Guidelines.

Details: